Retailing: (Record no. 222242)
[ view plain ]
| 000 -LEADER | |
|---|---|
| fixed length control field | 00719nam a22002297a 4500 |
| 005 - DATE AND TIME OF LATEST TRANSACTION | |
| control field | 20220407102252.0 |
| 008 - FIXED-LENGTH DATA ELEMENTS--GENERAL INFORMATION | |
| fixed length control field | 220407b ||||| |||| 00| 0 eng d |
| 020 ## - INTERNATIONAL STANDARD BOOK NUMBER | |
| International Standard Book Number | 9788131704714 |
| 040 ## - CATALOGING SOURCE | |
| Transcribing agency | AIMIT LIBRARY |
| 082 ## - DEWEY DECIMAL CLASSIFICATION NUMBER | |
| Edition number | 5 |
| Classification number | 658.87 |
| Item number | COXR |
| 100 ## - MAIN ENTRY--PERSONAL NAME | |
| Personal name | Cox, Roger. |
| 9 (RLIN) | 28208 |
| 245 ## - TITLE STATEMENT | |
| Title | Retailing: |
| Remainder of title | introduction / |
| Statement of responsibility, etc. | By Roger Cox and Paul Brittain. |
| 250 ## - EDITION STATEMENT | |
| Edition statement | 5th ed. |
| 260 ## - PUBLICATION, DISTRIBUTION, ETC. | |
| Place of publication, distribution, etc. | New Delhi : |
| Name of publisher, distributor, etc. | Pearson , |
| Date of publication, distribution, etc. | 2007. |
| 300 ## - PHYSICAL DESCRIPTION | |
| Extent | 348p. ; |
| Dimensions | 23.5 cm. |
| 650 ## - SUBJECT ADDED ENTRY--TOPICAL TERM | |
| Topical term or geographic name entry element | Retail Organizations |
| 9 (RLIN) | 28209 |
| 650 ## - SUBJECT ADDED ENTRY--TOPICAL TERM | |
| Topical term or geographic name entry element | Economics of retailing |
| 9 (RLIN) | 28210 |
| 650 ## - SUBJECT ADDED ENTRY--TOPICAL TERM | |
| Topical term or geographic name entry element | Grand Strategies |
| 9 (RLIN) | 28211 |
| 650 ## - SUBJECT ADDED ENTRY--TOPICAL TERM | |
| Topical term or geographic name entry element | Sales Promotion and Public Relations |
| 9 (RLIN) | 28212 |
| 700 ## - ADDED ENTRY--PERSONAL NAME | |
| Personal name | Brittain, Paul. |
| 9 (RLIN) | 28213 |
| 942 ## - ADDED ENTRY ELEMENTS (KOHA) | |
| Source of classification or shelving scheme | Dewey Decimal Classification |
| Koha item type | Book |
| Edition | 5th |
| Call number prefix | 658.87 COXR |
| Withdrawn status | Lost status | Source of classification or shelving scheme | Damaged status | Not for loan | Collection code | Home library | Current library | Date acquired | Source of acquisition | Cost, normal purchase price | Inventory number | Total Checkouts | Full call number | Barcode | Date last seen | Cost, replacement price | Price effective from | Koha item type |
|---|---|---|---|---|---|---|---|---|---|---|---|---|---|---|---|---|---|---|
| Dewey Decimal Classification | MBA | St Aloysius Institute of Management & Information Technology | St Aloysius Institute of Management & Information Technology | 03/24/2022 | Biblios Book Point | 699.00 | Bill no:6621; Bill dt:2022-03-22 | 658.87 COXR | MBA14375 | 05/23/2026 | 559.20 | 04/07/2022 | Book |